| Поле | Название | Значение |
| |
Тип записи |
c |
| |
Библиографический уровень |
m |
| 001 |
Контрольный номер |
RU/IS/BASE/428670741 |
| 005 |
Дата корректировки |
20201206204858.2 |
| 010 |
Индекс ISBN |
__ |
| a |
ISBN |
978-5-222-21103-8 |
| d |
Цена |
227-85 |
| 101 |
Язык документа |
0_ |
| a |
Язык текста |
rus |
| 200 |
Заглавие и сведения об ответственности |
1_ |
| a |
Заглавие |
Веселые уроки музыки |
| f |
Первые сведения об ответственности |
Валентина Жакович |
| b |
Общее обозначение материала |
Ноты |
| 210 |
Выходные данные |
__ |
| a |
Место издания |
Ростов н/Д |
| c |
Издательство |
Феникс |
| d |
Дата издания |
2013 |
| 215 |
Физическое описание |
__ |
| a |
Объем |
154, [2] с. |
| c |
Иллюстрации/тип воспроизводства |
ил., нот. ил. |
| 225 |
Серия |
__ |
| a |
Серия |
Учебные пособия для ДМШ |
| 330 |
Аннотация |
__ |
| a |
Аннотация |
Вы держите в руках не обычный сборник пьес, направленный на освоение приемов игры на фортепиано, а скорее учебное пособие по чтению с листа и освоению нотной грамоты, главная задача которого состоит в развитии мышления и творческих возможностей ребенка на первоначальном этапе обучения. В учебнике вы найдете все основные правила и теоретические положения, соответствующие первому году обучения. Причем поданы они в максимально облегченной и доступной детскому восприятию форме. Во-вторых - это репертуарный сборник, где предоставлены песенки, пьески и этюды, соответствующие уровню подготовительного отделения детской музыкальной школы. В-третьих - это практическое пособие по выработке умения играть по слуху, сочинять простые песенки, транспонировать и делать нетрудные аранжировки. И, наконец, это рабочая тетрадь ученика. Все задания и упражнения он может выполнять непосредственно на ее страницах, что очень удобно и педагогу, и ребенку, и его родителям, если они стремятся помочь своему малышу. |
| 606 |
Тематические рубрики |
__ |
| a |
Основная рубрика |
Музыка и зрелищные искусства |
| 606 |
Тематические рубрики |
__ |
| a |
Основная рубрика |
Теория музыки |
| 610 |
Ключевые слова |
__ |
| a |
Ключевые слова |
музыкальная грамота; музыкальное обучение; методические разработки; методика преподавания музыки; уроки сольфеджио; уроки музыки; ноты; нотная грамота; обучение музыке; обучение нотной грамоте; песни; пьесы; этюды |
| 686 |
Индексы других классификаций |
__ |
| a |
Классификационный индекс |
85.907; В85.90 |
| 700 |
Автор |
_1 |
| a |
Фамилия |
Жакович |
| b |
Имя |
В. В. |
| g |
Полное личное имя |
Валентина Владимировна |
| 4 |
Код отношения |
070 |
| 801 |
Источник записи |
_0 |
| a |
Страна |
RU |
| b |
Организация |
Муниципальное бюджетное учреждение культуры "Централизованная библиотечная система" г. Сургут (Центральная городская библиотека им. А. С. Пушкина) |
| g |
Правила каталогизации |
КиК/Лукашук |
| 801 |
Источник записи |
_1 |
| a |
Страна |
RU |
| b |
Организация |
Муниципальное бюджетное учреждение культуры "Централизованная библиотечная система" г. Сургут (Центральная городская библиотека им. А. С. Пушкина) |
| g |
Правила каталогизации |
КиК/Лукашук |
| 852 |
Данные о местонахождении |
__ |
| j |
Шифр хранения |
85.907 |
| i |
Авторский знак |
Ж 23 |
| 901 |
Тип документа |
__ |
| t |
Тип документа |
m |
| 903 |
Характеристики (МАРС) |
__ |
| a |
Дата передачи |
20130801 |
| 969 |
Тип издания |
__ |
| a |
Тип издания |
учебное пособие |
| 990 |
Данные о заказе (DOS) |
__ |
| j |
Количество экземпляров (DOS) |
4 |
| t |
N записи в КСУ для И/У (DOS) |
201308 |